01240cam a2200241 4500001000500000005001700005008003900022010001700061020001500078020002200093082001600115100002400131245009300155260004400248300002100292504005100313505039900364650003300763650002200796650002200818999001500840952014300855724120181127183223.0031120s2003 enk 001 0 eng a 2003277393 a0826463843 a0826463851 (PBK.)00a301/.012221 aLopez, Jose,d1966-10aSociety and its metaphors :blanguage, social theory and social structure /cJose Lopez. aNew York :aLondon :bContinuum,c2003. a186 p. ;c24 cm. aIncludes bibliographical references and index.0 aSocial theorizing as a language-borne practice -- Durkheim's structures: writing the emergence of the social -- Marx: labouring for structure -- Weber's structures: deferral, rationality, and the heroes of history -- Parsons' structures: writing order -- Althusser's structure: the 'epistomological obstacle' of complexity -- Reading texts, writing theory: against the illusion of transparency. 0aSocial sciencesxPhilosophy. 0aSocial structure. 0aSociolinguistics. c6166d6166 00102ddc40708MAINaRTCLIBbRTCLIBcMAINd2022-03-22h i11099l1o301 LOPp30010702r2022-04-01 00:00:00s2022-03-22w2018-11-27yMAIN